00481nam a2200193 a 4500001001300000003000900013005001700022008004100039020001000080082001300090100002100103245002900124260003900153300000900192500003500201505001700236650001300253700002100266nice12345678IN_TiNIC20260116014744.0050524s1996 puna grp 000 0 eng  ac10000a190bHIO aHiorth, Finngeir aIntroduction to Humanism aPunebIndian Secular Societyc1996 a247p aincludes index and biblioraphy2 aBibliography aHumanism1 aHiorth, Finngeir